Colección de medallas de los sumos pontifices que informa de la construcción del Templo del Vaticano (Record no. 1607)
[ view plain ]
| 000 -CABECERA | |
|---|---|
| campo de control de longitud fija | 00720nam a2200217 a 4500 |
| 001 - NÚMERO DE CONTROL | |
| campo de control | BRCA_1826 |
| 005 - FECHA Y HORA DE LA ÚLTIMA TRANSACCIÓN | |
| campo de control | 20190320203551.0 |
| 008 - DATOS DE LONGITUD FIJA--INFORMACIÓN GENERAL | |
| campo de control de longitud fija | 210508s----1980mx-a---###---#000-0#spa-# |
| 050 #4 - SIGNATURA TOPOGRÁFICA DE LA BIBLIOTECA DEL CONGRESO | |
| Número de clasificación | NK4698 |
| Número de documento/Ítem | .B66 1980 |
| 100 1# - ENTRADA PRINCIPAL--NOMBRE DE PERSONA | |
| Nombre de persona | Bonanni, Philippo |
| 9 (RLIN) | 5679 |
| 245 10 - MENCIÓN DE TÍTULO | |
| Título | Colección de medallas de los sumos pontifices que informa de la construcción del Templo del Vaticano |
| Mención de responsabilidad, etc. | Philippo Bonanni. |
| 250 ## - MENCIÓN DE EDICIÓN | |
| Mención de edición | 3 |
| 260 ## - PUBLICACIÓN, DISTRIBUCIÓN, ETC. | |
| Lugar de publicación, distribución, etc. | México |
| Nombre del editor, distribuidor, etc. | Juan Cortina Portilla |
| Fecha de publicación, distribución, etc. | 1980 |
| 300 ## - DESCRIPCIÓN FÍSICA | |
| Extensión | 218 p. |
| Otras características físicas | il. |
| Dimensiones | 36 cm. |
| 500 ## - NOTA GENERAL | |
| Nota general | Facsímil de : 1715 |
| 500 ## - NOTA GENERAL | |
| Nota general | Colección Sonia Corcuera de Mancera |
| 650 14 - PUNTO DE ACCESO ADICIONAL DE MATERIA--TÉRMINO DE MATERIA | |
| Término de materia o nombre geográfico como elemento de entrada | Basílica de San Pedro |
| Subdivisión de forma | Proyectos |
| Subdivisión general | Construcción |
| 9 (RLIN) | 5680 |
| 650 14 - PUNTO DE ACCESO ADICIONAL DE MATERIA--TÉRMINO DE MATERIA | |
| Término de materia o nombre geográfico como elemento de entrada | Vaticano |
| Subdivisión general | Medallas |
| 9 (RLIN) | 5681 |
| 902 ## - CATALOGADOR | |
| Iniciales | DSC |
| 942 ## - ELEMENTOS DE PUNTO DE ACCESO ADICIONAL (KOHA) | |
| Fuente del sistema de clasificación o colocación | Library of Congress Classification |
| Tipo de ítem Koha | Libros |
| Estado de retiro | Estado de pérdida | Estado dañado | No para préstamo | Localización permanente | Ubicación/localización actual | Fecha de adquisición | Total de préstamos | Signatura topográfica completa | Código de barras | Fecha visto por última vez | Precio válido a partir de | Tipo de ítem Koha |
|---|---|---|---|---|---|---|---|---|---|---|---|---|
| El ejemplar forma parte de la colección y puede ser consultado según las políticas vigentes. | Biblioteca del Museo Franz Mayer (Rogerio Casas-Alatriste) | Biblioteca del Museo Franz Mayer (Rogerio Casas-Alatriste) | 27/06/2008 | NK4698 .B66 1980 | DSC00071 | 22/03/2019 | 22/03/2019 | Libros |